• 首页
  • 本馆介绍
  • 公告通知
  • 最新文献
  • 馆藏检索
  • 电子资源
  • 读者导购
  • 参考咨询
  • 我的图书馆
  • 登录
  • 详细信息显示
  • 放入我的书架
  • 预约/预借图书
  • 作者相关作品
  • 分类相关作品
  • 丛书相关作品
  • 出版社相关作品

书目信息

  • 表格格式
  • 工作单格式
  • 卡片格式
题名:
20世纪共产党执政的经验教训
    
 
作者: 吴振坤 主编
分册:  
出版信息: 北京   中共中央党校出版社  2002
页数: 569页
开本: 20cm
丛书名:
单 册:
中图分类: D507
科图分类:
主题词: 共产党--执政--研究--世界--20世纪
电子资源:
ISBN: 7-5035-2409-X
000 00614nam0 2200193 45
001 0310261883
005 20031219104120.7
010    @a7-5035-2409-X@dCNY34.50
100    @a20031026d2002 km y0chiy0120 ea
101 0  @achi
105    @a z 000yy
200 1  @a20世纪共产党执政的经验教训@A20 Shi Ji Gong Chan Dang Zhi Zheng De JingYan Jiao Xun@f吴振坤主编@FWu Zhen Kun Zhu Bian
210    @a北京@c中共中央党校出版社@d2002
215    @a569页@d20cm
606 0  @a共产党@x执政@x研究@y世界@z20世纪
690    @aD507@v4
701    @a吴振坤@4主编
801    @aCN@bTSTC@c20031026
905    @a213230@b327244-246@dD507@e96@f3
    
    20世纪共产党执政的经验教训/吴振坤主编.-北京:中共中央党校出版社,2002
    569页;20cm
    
    
    ISBN 7-5035-2409-X:CNY34.50
    
●
相关链接 在E读中查询图书 在五车中查询图书 在当当中查询图书 在豆瓣中查询图书


正题名:20世纪共产党执政的经验教训     索取号:D507/96         预约/预借

序号 登录号 条形码 馆藏地/架位号 状态 备注
1 0327244   203272449   第一借阅区/ [索取号:D507/96] 在馆    
2 0327245   203272458   第一借阅区/ [索取号:D507/96] 在馆    
3 0327246   203272467   第一样本阅览室/ [索取号:D507/96] 在馆    
唐山师范学院图书馆 欢迎您!
大连网信软件有限公司© 版权所有